Culture Générale - Clic Quiz - La réponse est en emoji par IA #27 - Statistiques

Statistiques générales
  • Ce quiz a été pris 274 fois
  • Le résultat moyen est 22 sur 40
Statistiques - réponses
Hint Réponse % Correct
Robin des Bois
86%
Jack Sparrow
84%
Indiana Jones
84%
Teddy Riner
82%
Anthony Mackie (Captain America)
80%
T-800 (Terminator)
79%
Son Goku
73%
Pascal Obispo
72%
Hassan Nasrallah
69%
Dimitri Payet
69%
Didier Drogba
68%
Pie XII
67%
Eric Cartman
65%
Maximilien Robespierre
65%
Piccolo
61%
Luis Enrique
58%
Carlos Sainz
58%
Anthony Hopkins
57%
George III
57%
Channing Tatum
54%
Khaled
53%
Fidel Castro
53%
Frenkie de Jong
53%
Rajesh Kootrapali (The Big Bang Theory)
53%
Enrique Iglesias
52%
Vegeta
50%
Don Quichotte
49%
Ivan le Terrible
48%
Sheldon Cooper (The Big Bang Theory)
48%
Oscar Wilde
45%
Howard Wolowitz (The Big Bang Theory)
43%
Julio Iglesias
43%
Jayson Tatum
42%
Leonard Hofstadter (The Big Bang Theory)
42%
Jair Bolsonaro
38%
Lord Varys
35%
Maurice Chevalier
28%
Joe Pesci
28%
Qassem Soleimani
17%
Milton Friedman
17%
Aucun quiz correspondant
Distribution des résultats
% des personnes avec chaque résultat
Percentile par nombre de réponses
Votre historique - résultats
Vous n’avez pas pris ce quiz